000 00285nam a22001337a 4500
008 170220b xxu||||| |||| 00| 0 eng d
020 _a9780815124566
041 _aeng
080 _23RD
_a615
100 _a5
101 _aSHF
245 _aHUMAN PHARMACOLOGY
_cBRODY
942 _2udc
_cBK
999 _c5764
_d5764